[Event "36. Copenhagen Open (Politiken Cup)"]
[Site "Elsinore"]
[Date "2014.07.26"]
[Round "7"]
[White "Rimer, Jan"]
[Black "Eriksson, Christian Altenburg"]
[Result "1-0"]
[WhiteElo "2039"]
[BlackElo "2153"]
[PlyCount "109"]
[EventDate "2014.07.21"]
[EventType "swiss"]
[EventRounds "10"]
[EventCountry "DEN"]
[Source "ChessBase"]
[SourceDate "2014.08.29"]

1. d4 d5 2. c4 dxc4 3. e3 Nf6 4. Bxc4 e6 5. Nf3 a6 6. O-O c5 7. dxc5 Bxc5 8.
Qe2 b5 9. Bd3 Nc6 10. a3 Qc7 11. b4 Bd6 12. Bb2 Bb7 13. Nbd2 Rc8 14. Rac1 Qb8
15. Nb3 Ng4 16. h3 Nge5 17. Nc5 Nxf3+ 18. gxf3 Ne5 19. Nxb7 Qxb7 20. Rxc8+ Qxc8
21. Bxe5 Bxe5 22. Bxb5+ axb5 23. Qxb5+ Ke7 24. Qxe5 Qa8 25. Qg5+ Ke8 26. Rd1 h6
27. Qb5+ Ke7 28. Rd7+ Kf6 29. Qc4 Qxf3 30. Qd4+ Kg6 31. Qg4+ Qxg4+ 32. hxg4 h5
33. gxh5+ Rxh5 34. Rd2 Kf6 35. Rb2 Ke7 36. Rd2 Rh8 37. a4 Ra8 38. a5 e5 39. Rd5
Ke6 40. e4 f5 41. f3 g5 42. Rb5 fxe4 43. fxe4 Kd6 44. Rd5+ Ke6 45. Kg2 Rb8 46.
b5 Rc8 47. a6 Rc2+ 48. Kg3 Ra2 49. Kg4 Ra4 50. Rd8 Ke7 51. Rb8 Rxe4+ 52. Kxg5
Ra4 53. Rb7+ Kd6 54. a7 e4 55. Kf4 1-0

[Event "36. Copenhagen Open (Politiken Cup)"]
[Site "Elsinore"]
[Date "2014.07.26"]
[Round "7"]
[White "Risting, Eivind Olav"]
[Black "Skou, Niels"]
[Result "0-1"]
[WhiteElo "1875"]
[BlackElo "2141"]
[PlyCount "62"]
[EventDate "2014.07.21"]
[EventType "swiss"]
[EventRounds "10"]
[EventCountry "DEN"]
[Source "ChessBase"]
[SourceDate "2014.08.29"]

1. d4 Nf6 2. Bg5 c5 3. Nc3 cxd4 4. Qxd4 Nc6 5. Qh4 e6 6. e4 Be7 7. O-O-O Qa5 8.
f4 d6 9. Kb1 O-O 10. Bd3 Re8 11. Qe1 Bd7 12. Nf3 Rac8 13. e5 dxe5 14. fxe5 Nd5
15. Nxd5 exd5 16. Qh4 h6 17. Bxe7 Rxe7 18. Rhf1 Rce8 19. Qf4 Nb4 20. a3 Nxd3
21. Rxd3 Qc5 22. Rfd1 Bc6 23. g4 Re6 24. g5 Qc4 25. Rd4 Qe2 26. Re1 Qf2 27. Rd2
hxg5 28. Qg4 Qc5 29. Nxg5 Rxe5 30. Rxe5 Rxe5 31. Qh5 Qg1+ 0-1

[Event "36. Copenhagen Open (Politiken Cup)"]
[Site "Elsinore"]
[Date "2014.07.26"]
[Round "7"]
[White "Romanov, Evgeny"]
[Black "Smerdon, David"]
[Result "1-0"]
[WhiteElo "2643"]
[BlackElo "2519"]
[PlyCount "45"]
[EventDate "2014.07.21"]
[EventType "swiss"]
[EventRounds "10"]
[EventCountry "DEN"]
[Source "ChessBase"]
[SourceDate "2014.08.29"]

1. c4 e6 2. g3 d5 3. Bg2 Nf6 4. Nf3 dxc4 5. Qa4+ c6 6. Qxc4 b5 7. Qc2 Bb7 8.
Nc3 Nbd7 9. O-O Rc8 10. Rd1 Be7 11. d4 b4 12. Na4 c5 13. Nxc5 Nxc5 14. dxc5 Qa5
15. Be3 Bxc5 16. Bxc5 Rxc5 17. Qd2 O-O 18. a3 b3 19. Qxa5 Rxa5 20. Nd4 Bxg2 21.
Kxg2 g6 22. Rac1 Rd8 23. Nxe6 1-0

[Event "36. Copenhagen Open (Politiken Cup)"]
[Site "Elsinore"]
[Date "2014.07.26"]
[Round "7"]
[White "Rosell, Sven"]
[Black "Nordenbaek, Jan"]
[Result "0-1"]
[WhiteElo "1985"]
[BlackElo "2228"]
[PlyCount "108"]
[EventDate "2014.07.21"]
[EventType "swiss"]
[EventRounds "10"]
[EventCountry "DEN"]
[Source "ChessBase"]
[SourceDate "2014.08.29"]

1. c4 c6 2. Nf3 d5 3. b3 Nf6 4. Bb2 Bf5 5. g3 e6 6. Bg2 h6 7. O-O Nbd7 8. d3
Be7 9. Nbd2 Bh7 10. Qc2 O-O 11. a3 Re8 12. b4 Bf8 13. Rac1 a5 14. Bc3 e5 15.
Qb3 e4 16. dxe4 dxe4 17. Nd4 e3 18. fxe3 Rxe3 19. c5 Nxc5 20. bxc5 Bxc5 21.
N2f3 Rxf3 22. Bxf3 Bxd4+ 23. Kg2 Bxc3 24. Rxc3 Qc7 25. Rd1 Re8 26. Re3 Rxe3 27.
Qxe3 Bf5 28. Qc5 Be6 29. Qa7 Bd5 30. Rb1 Qe5 31. Bxd5 Qxd5+ 32. Kg1 Ne4 33.
Qb8+ Kh7 34. Qf4 b5 35. Rf1 Nd6 36. Qc1 Nc4 37. Qc2+ g6 38. Rf3 Ne5 39. Rf4 c5
40. Qb2 b4 41. axb4 axb4 42. Rf1 b3 43. Re1 h5 44. Ra1 c4 45. Rf1 Kg8 46. Rf4
Qc5+ 47. Kg2 Qc6+ 48. Kg1 c3 49. Qxb3 c2 50. Qb8+ Kh7 51. Rf1 c1=Q 52. Rxc1
Qxc1+ 53. Kg2 Qe3 54. Qb5 Ng4 0-1

[Event "36. Copenhagen Open (Politiken Cup)"]
[Site "Elsinore"]
[Date "2014.07.26"]
[Round "7"]
[White "Roser, Kevin"]
[Black "Royset, Pal"]
[Result "1-0"]
[WhiteElo "2406"]
[BlackElo "2208"]
[PlyCount "121"]
[EventDate "2014.07.21"]
[EventType "swiss"]
[EventRounds "10"]
[EventCountry "DEN"]
[Source "ChessBase"]
[SourceDate "2014.08.29"]

1. e4 c5 2. Nf3 d6 3. d4 cxd4 4. Nxd4 Nf6 5. Nc3 a6 6. Be2 e5 7. Nb3 Be7 8. Be3
Be6 9. Nd5 Nbd7 10. Qd3 O-O 11. c4 b5 12. cxb5 axb5 13. O-O Rb8 14. Rfd1 Bxd5
15. exd5 Ne8 16. Qd2 b4 17. a3 Nc5 18. Nxc5 dxc5 19. Rac1 Qb6 20. Qc2 Rc8 21.
Rd2 Bd6 22. Qb3 Nf6 23. Rdc2 Rb8 24. Qd3 e4 25. Qc4 Rfd8 26. h3 h6 27. Bxc5
Bxc5 28. Qxc5 Qxc5 29. Rxc5 Nxd5 30. Bc4 Nf4 31. Bxf7+ Kf8 32. Bc4 Nd3 33. Rf5+
Ke8 34. Rc2 bxa3 35. bxa3 Rdc8 36. Bb5+ Ke7 37. Re2 Ke6 38. g4 Rc1+ 39. Kh2 Nc5
40. a4 g6 41. Rf4 Ke5 42. Rf7 Ne6 43. f3 Ng5 44. f4+ Ke6 45. Ra7 Nf3+ 46. Kg2
Rc2 47. Rxc2 Ne1+ 48. Kf2 Nxc2 49. Ra6+ Kf7 50. Rd6 Rc8 51. Ke2 Na3 52. Rc6 Rb8
53. Rc5 Rd8 54. Rc3 Nxb5 55. axb5 Rb8 56. Rb3 Ke6 57. Ke3 Kd5 58. b6 Rb7 59. h4
Kc4 60. Rb1 Kd5 61. Rb2 1-0

[Event "36. Copenhagen Open (Politiken Cup)"]
[Site "Elsinore"]
[Date "2014.07.26"]
[Round "7"]
[White "Salomon, Johan"]
[Black "Seegers, Hendrik"]
[Result "1-0"]
[WhiteElo "2346"]
[BlackElo "2196"]
[PlyCount "77"]
[EventDate "2014.07.21"]
[EventType "swiss"]
[EventRounds "10"]
[EventCountry "DEN"]
[Source "ChessBase"]
[SourceDate "2014.08.29"]

1. e4 e5 2. Nf3 Nc6 3. Bb5 a6 4. Ba4 Nf6 5. O-O Be7 6. Re1 b5 7. Bb3 Bb7 8. c3
O-O 9. d4 d6 10. a4 h6 11. Nbd2 Re8 12. Nf1 Bf8 13. Ng3 Na5 14. Bc2 Nc4 15. a5
c5 16. b3 Nxa5 17. dxe5 Ng4 18. exd6 Bxd6 19. h3 Ne5 20. Nf5 Nxf3+ 21. Qxf3 Be5
22. Bxh6 g6 23. Ng3 Nc6 24. Rad1 Qh4 25. Qe3 Qf6 26. Ne2 b4 27. Bg5 Qe6 28.
Qxc5 Rac8 29. c4 Rc7 30. Nf4 Qc8 31. Qe3 f6 32. Bh6 Kh7 33. Nd5 Rf7 34. Bf4 a5
35. Bg3 Bxg3 36. Qxg3 Ne5 37. f4 Bxd5 38. exd5 Qc5+ 39. Kh2 1-0

[Event "36. Copenhagen Open (Politiken Cup)"]
[Site "Elsinore"]
[Date "2014.07.26"]
[Round "7"]
[White "Saltvedt, Martin"]
[Black "Philipsen, William Horup"]
[Result "1-0"]
[WhiteElo "1779"]
[BlackElo "1951"]
[PlyCount "43"]
[EventDate "2014.07.21"]
[EventType "swiss"]
[EventRounds "10"]
[EventCountry "DEN"]
[Source "ChessBase"]
[SourceDate "2014.08.29"]

1. d4 d5 2. c4 e5 3. dxe5 d4 4. Nf3 Nc6 5. g3 Be6 6. Nbd2 Qd7 7. Bg2 O-O-O 8.
O-O Be7 9. Qa4 Bh3 10. Nb3 h5 11. Rd1 h4 12. Bh1 hxg3 13. fxg3 Qf5 14. Bf4 g5
15. Nfxd4 Nxd4 16. Nxd4 Bc5 17. Bxb7+ Kb8 18. Qb5 Rxd4 19. Bc6+ Bb6 20. Rxd4 a6
21. Qxa6 Bxd4+ 22. e3 1-0

[Event "36. Copenhagen Open (Politiken Cup)"]
[Site "Elsinore"]
[Date "2014.07.26"]
[Round "7"]
[White "Schjolin, John"]
[Black "Christiansen, Niels Jorgen"]
[Result "0-1"]
[WhiteElo "1317"]
[BlackElo "1664"]
[PlyCount "58"]
[EventDate "2014.07.21"]
[EventType "swiss"]
[EventRounds "10"]
[EventCountry "DEN"]
[Source "ChessBase"]
[SourceDate "2014.08.29"]

1. c4 Nf6 2. d4 e6 3. Nf3 d5 4. e3 c6 5. Nc3 Bd6 6. b3 Nbd7 7. Bd3 O-O 8. O-O
Re8 9. Re1 a6 10. a4 e5 11. dxe5 Nxe5 12. h3 Nxd3 13. Qxd3 dxc4 14. bxc4 Bh2+
15. Nxh2 Qxd3 16. Ra3 Qxc4 17. Nf3 Ne4 18. Nd2 Nxd2 19. Bxd2 Bf5 20. Raa1 Rad8
21. Nb1 Bxb1 22. Rc1 Qe6 23. Raxb1 Rxd2 24. Rxb7 Red8 25. Rf1 Rd1 26. Rb1 Rxf1+
27. Rxf1 Qe4 28. Re1 Rd2 29. a5 Qc2 0-1

[Event "36. Copenhagen Open (Politiken Cup)"]
[Site "Elsinore"]
[Date "2014.07.26"]
[Round "7"]
[White "Schmied, Andreas"]
[Black "Derakhshani, Dorsa"]
[Result "1-0"]
[WhiteElo "2018"]
[BlackElo "2169"]
[PlyCount "51"]
[EventDate "2014.07.21"]
[EventType "swiss"]
[EventRounds "10"]
[EventCountry "DEN"]
[Source "ChessBase"]
[SourceDate "2014.08.29"]

1. e4 e5 2. Nc3 Nc6 3. Nf3 Nf6 4. Bb5 Bb4 5. O-O O-O 6. d3 d6 7. Bg5 Ne7 8. Nh4
c6 9. Bc4 d5 10. Bb3 Qd6 11. f4 Bc5+ 12. Kh1 Ng4 13. fxe5 Qxe5 14. Nf3 Qd6 15.
Qe2 Bd7 16. exd5 Nf5 17. Ne4 Qc7 18. Nxc5 Nxh2 19. Qe5 Qxe5 20. Nxe5 Nxf1 21.
Ncxd7 N1g3+ 22. Kh2 Rfc8 23. dxc6 bxc6 24. Nxf7 Rc7 25. Nfe5+ Kh8 26. Bf4 1-0

[Event "36. Copenhagen Open (Politiken Cup)"]
[Site "Elsinore"]
[Date "2014.07.26"]
[Round "7"]
[White "Schultz Pedersen, Jesper"]
[Black "Jacobsen, Fredrik Beer"]
[Result "1/2-1/2"]
[WhiteElo "2235"]
[BlackElo "2012"]
[PlyCount "76"]
[EventDate "2014.07.21"]
[EventType "swiss"]
[EventRounds "10"]
[EventCountry "DEN"]
[Source "ChessBase"]
[SourceDate "2014.08.29"]

1. e4 c5 2. b4 cxb4 3. a3 b3 4. c4 Nc6 5. Bb2 d6 6. Qxb3 Nf6 7. d3 e6 8. Nf3 g6
9. Be2 Bg7 10. O-O O-O 11. Nbd2 Nh5 12. Bxg7 Nxg7 13. d4 b6 14. Rfd1 Qc7 15.
Rac1 e5 16. c5 Nxd4 17. Nxd4 exd4 18. Qd5 dxc5 19. Qxa8 Bb7 20. Qxa7 Ra8 21.
Qxa8+ Bxa8 22. Rb1 Ne6 23. f3 Qf4 24. Nc4 Qg5 25. Bf1 Bc6 26. Rxb6 Ba4 27. Rd2
h5 28. Kh1 h4 29. Rbb2 Nf4 30. Nb6 Bc6 31. a4 d3 32. a5 c4 33. Nxc4 Qc5 34. g3
hxg3 35. hxg3 Qh5+ 36. Kg1 Qc5+ 37. Kh1 Qh5+ 38. Kg1 Qc5+ 1/2-1/2

[Event "36. Copenhagen Open (Politiken Cup)"]
[Site "Elsinore"]
[Date "2014.07.26"]
[Round "7"]
[White "Skjoldager, Flemming"]
[Black "Marder, Simon"]
[Result "1/2-1/2"]
[WhiteElo "1882"]
[BlackElo "2082"]
[PlyCount "58"]
[EventDate "2014.07.21"]
[EventType "swiss"]
[EventRounds "10"]
[EventCountry "DEN"]
[Source "ChessBase"]
[SourceDate "2014.08.29"]

1. Nf3 Nc6 2. b3 e5 3. Bb2 e4 4. Ng1 d5 5. e3 Nf6 6. Bb5 Bd7 7. d4 Bd6 8. h3 a6
9. Bxc6 Bxc6 10. Ne2 Bd7 11. Ba3 Bxa3 12. Nxa3 Qe7 13. Nb1 O-O 14. Nf4 a5 15.
Nc3 c6 16. Na4 b6 17. a3 Rab8 18. O-O Kh8 19. c4 Be6 20. c5 b5 21. Nb6 Rb7 22.
Qd2 Ra7 23. Qe2 Rg8 24. a4 b4 25. Nh5 Nxh5 26. Qxh5 f5 27. f4 exf3 28. Qxf3 Qg5
29. Qf4 h6 1/2-1/2

[Event "36. Copenhagen Open (Politiken Cup)"]
[Site "Elsinore"]
[Date "2014.07.26"]
[Round "7"]
[White "Skovgaard, Ib"]
[Black "Moe, Mogens"]
[Result "0-1"]
[WhiteElo "2019"]
[BlackElo "2274"]
[PlyCount "49"]
[EventDate "2014.07.21"]
[EventType "swiss"]
[EventRounds "10"]
[EventCountry "DEN"]
[Source "ChessBase"]
[SourceDate "2014.08.29"]

1. e4 c5 2. Nf3 Nc6 3. d4 cxd4 4. Nxd4 Nf6 5. Nc3 e5 6. Ndb5 d6 7. Bg5 a6 8.
Na3 Be7 9. Bxf6 Bxf6 10. Nc4 Be7 11. Nd5 Be6 12. Ncb6 Bxd5 13. Nxd5 O-O 14. c3
Bg5 15. h4 Bh6 16. Qh5 Ne7 17. Nf6+ Kh8 18. g3 Qb6 19. Bd3 Qxb2 20. O-O Qxc3
21. Rfd1 Qc8 22. Rac1 Qe6 23. Ng4 Bxc1 24. Rxc1 g6 25. Qh6 0-1

[Event "36. Copenhagen Open (Politiken Cup)"]
[Site "Elsinore"]
[Date "2014.07.26"]
[Round "7"]
[White "Stam, Bart"]
[Black "Tallaksen, Henrik G"]
[Result "1-0"]
[WhiteElo "2017"]
[BlackElo "1771"]
[PlyCount "45"]
[EventDate "2014.07.21"]
[EventType "swiss"]
[EventRounds "10"]
[EventCountry "DEN"]
[Source "ChessBase"]
[SourceDate "2014.08.29"]

1. e4 e5 2. Nf3 Nc6 3. Bc4 Bc5 4. c3 Nf6 5. d4 exd4 6. cxd4 Bb4+ 7. Nc3 O-O 8.
e5 Ne4 9. O-O Nxc3 10. bxc3 Be7 11. Be3 d6 12. exd6 Bxd6 13. Ng5 Bf5 14. Qf3
Bg6 15. h4 h6 16. h5 Bxh5 17. Qxh5 hxg5 18. Bxg5 Be7 19. f4 Qd6 20. Rf3 Bxg5
21. fxg5 Ne5 22. Rh3 Nxc4 23. Qh7# 1-0

[Event "36. Copenhagen Open (Politiken Cup)"]
[Site "Elsinore"]
[Date "2014.07.26"]
[Round "7"]
[White "Stojanovski, Sandi"]
[Black "Christensen, Casper"]
[Result "1/2-1/2"]
[WhiteElo "2230"]
[BlackElo "2004"]
[PlyCount "51"]
[EventDate "2014.07.21"]
[EventType "swiss"]
[EventRounds "10"]
[EventCountry "DEN"]
[Source "ChessBase"]
[SourceDate "2014.08.29"]

1. d4 Nf6 2. c4 g6 3. Nc3 Bg7 4. e4 d6 5. Nf3 O-O 6. Be2 e5 7. O-O Nc6 8. Be3
Nh5 9. dxe5 dxe5 10. Qxd8 Nxd8 11. Rfd1 c6 12. a4 f5 13. Bc5 Re8 14. exf5 gxf5
15. Nxe5 Nf4 16. Bd6 Nxe2+ 17. Nxe2 Nf7 18. Nxf7 Rxe2 19. Ng5 h6 20. Nh3 Rxb2
21. Nf4 Bd7 22. Ra3 Re8 23. Rg3 Rd2 24. Rd3 Rxd3 25. Nxd3 Be6 26. Re1 1/2-1/2

[Event "36. Copenhagen Open (Politiken Cup)"]
[Site "Elsinore"]
[Date "2014.07.26"]
[Round "7"]
[White "Stray, Gunnar"]
[Black "Thorsbro, Peter"]
[Result "0-1"]
[WhiteElo "2053"]
[BlackElo "2216"]
[PlyCount "104"]
[EventDate "2014.07.21"]
[EventType "swiss"]
[EventRounds "10"]
[EventCountry "DEN"]
[Source "ChessBase"]
[SourceDate "2014.08.29"]

1. d4 f5 2. Nc3 Nf6 3. Bg5 d5 4. Bxf6 exf6 5. e3 Be6 6. Qf3 Nc6 7. Bb5 Qd6 8.
Nge2 O-O-O 9. h4 h5 10. a3 Ne7 11. Nf4 Bf7 12. Nd3 c6 13. Ba4 g6 14. b4 a6 15.
Bb3 Bh6 16. g3 g5 17. a4 f4 18. gxf4 gxf4 19. b5 fxe3 20. bxa6 exf2+ 21. Kf1 b6
22. a5 b5 23. Nc5 Qf4 24. Qxf4 Bxf4 25. Kxf2 Nf5 26. Ne2 Be3+ 27. Kf3 Bxd4 28.
Nxd4 Nxd4+ 29. Kf2 Ne6 30. a7 Kc7 31. Na6+ Kb7 32. Nb4 Nc7 33. Rhg1 Rhg8 34.
Rae1 Be6 35. Nd3 Kxa7 36. Nc5 Rxg1 37. Rxg1 Bg4 38. c3 Ne6 39. Nd3 c5 40. Bd1
Bxd1 41. Rxd1 d4 42. cxd4 Rxd4 43. Re1 Rxd3 44. Rxe6 Rh3 45. Rxf6 Rxh4 46. Rf5
Rc4 47. Rxh5 Ka6 48. Ke3 Kxa5 49. Kd3 Kb4 50. Rh1 Rc3+ 51. Kd2 c4 52. Rh5 Rg3
0-1

[Event "36. Copenhagen Open (Politiken Cup)"]
[Site "Elsinore"]
[Date "2014.07.26"]
[Round "7"]
[White "Svane, Rasmus"]
[Black "Edouard, Romain"]
[Result "0-1"]
[WhiteElo "2494"]
[BlackElo "2679"]
[PlyCount "114"]
[EventDate "2014.07.21"]
[EventType "swiss"]
[EventRounds "10"]
[EventCountry "DEN"]
[Source "ChessBase"]
[SourceDate "2014.08.29"]

1. Nf3 Nf6 2. c4 b6 3. g3 Bb7 4. Bg2 g6 5. b3 e5 6. Bb2 d6 7. O-O Bg7 8. d4 e4
9. Nfd2 O-O 10. Nc3 Re8 11. e3 Re7 12. Qc2 Qe8 13. b4 h5 14. a4 a5 15. bxa5
bxa5 16. Rab1 Na6 17. Ba3 Bc6 18. Nb5 h4 19. d5 Bd7 20. c5 Bxb5 21. Rxb5 Nxc5
22. Bxc5 dxc5 23. Rxc5 hxg3 24. hxg3 Re5 25. Nc4 Rh5 26. Rxc7 Nxd5 27. Nd6 Qd8
28. Rc6 Nb4 29. Qxe4 Nxc6 30. Qxc6 Rb8 31. Nb5 Qc8 32. Qd6 Be5 33. Qd2 Qd8 34.
Rd1 Qxd2 35. Rxd2 Rc8 36. Bb7 Rc4 37. Ra2 Rc1+ 38. Kg2 Rhh1 39. f4 Bf6 40. Bd5
Rhd1 41. e4 Be7 42. Na7 Bc5 43. Nc6 Rc3 44. Kh2 Rdd3 45. Rg2 Bd6 46. Nxa5 Rxg3
47. Rxg3 Bxf4 48. Nc4 Rxg3 49. a5 Ra3+ 50. Kg2 Ra2+ 51. Kf3 Bc7 52. e5 Kf8 53.
Kg4 Ke7 54. Kg5 Bxa5 55. Kh6 Bc3 56. Nd6 Rh2+ 57. Kg5 Rh5+ 0-1

[Event "36. Copenhagen Open (Politiken Cup)"]
[Site "Elsinore"]
[Date "2014.07.26"]
[Round "7"]
[White "Thomsen, Kim"]
[Black "Hansen, Tommy"]
[Result "1-0"]
[WhiteElo "1994"]
[BlackElo "1797"]
[PlyCount "69"]
[EventDate "2014.07.21"]
[EventType "swiss"]
[EventRounds "10"]
[EventCountry "DEN"]
[Source "ChessBase"]
[SourceDate "2014.08.29"]

1. d4 Nf6 2. c4 c5 3. d5 b5 4. cxb5 a6 5. bxa6 g6 6. e3 Bg7 7. Nc3 d6 8. Bb5+
Bd7 9. Qd3 O-O 10. Nf3 Qa5 11. Bd2 Bxb5 12. Nxb5 Qxa6 13. O-O Nbd7 14. a4 Rfb8
15. e4 Ng4 16. Bc3 Nge5 17. Nxe5 Nxe5 18. Qd1 Qb6 19. f4 Nc4 20. Bxg7 Kxg7 21.
Qb3 Na5 22. Qc3+ Kg8 23. f5 Nb3 24. Ra3 Nd4 25. Nxd4 cxd4 26. Qf3 f6 27. fxg6
hxg6 28. Qg4 Kg7 29. Rg3 d3+ 30. Kh1 g5 31. Qe6 Ra7 32. Rxg5+ Kh6 33. Rf3 Qxb2
34. Rh3+ Kxg5 35. Qf5# 1-0

[Event "36. Copenhagen Open (Politiken Cup)"]
[Site "Elsinore"]
[Date "2014.07.26"]
[Round "7"]
[White "Thomsen, Kurt"]
[Black "Morkedal, Oyvind"]
[Result "0-1"]
[WhiteElo "1940"]
[BlackElo "1719"]
[PlyCount "84"]
[EventDate "2014.07.21"]
[EventType "swiss"]
[EventRounds "10"]
[EventCountry "DEN"]
[Source "ChessBase"]
[SourceDate "2014.08.29"]

1. Nf3 d5 2. g3 c6 3. Bg2 Nf6 4. O-O Bf5 5. c4 dxc4 6. Na3 b5 7. Nh4 Be4 8.
Bxe4 Nxe4 9. Qc2 Nf6 10. Rd1 e6 11. d3 cxd3 12. Rxd3 Nfd7 13. Bf4 Qb6 14. Rad1
Be7 15. Nf3 Nf6 16. Bd6 Ne4 17. Bxe7 Qxf2+ 18. Kh1 Kxe7 19. Nxb5 Qc5 20. Qxc5+
Nxc5 21. Nc7 Nxd3 22. Rxd3 Nd7 23. Nxa8 Rxa8 24. Kg2 Rb8 25. b3 Rb6 26. Ng5 Ne5
27. Rd2 h6 28. Ne4 Rb5 29. h3 Rd5 30. Rc2 Kd7 31. Nd2 Kc7 32. Nf3 Nxf3 33. Kxf3
Kd6 34. Rc4 Ra5 35. a4 Rc5 36. Rd4+ Rd5 37. Rc4 e5 38. g4 a5 39. h4 Rc5 40. g5
Rxc4 41. bxc4 hxg5 42. hxg5 f6 0-1

[Event "36. Copenhagen Open (Politiken Cup)"]
[Site "Elsinore"]
[Date "2014.07.26"]
[Round "7"]
[White "Thuesen, Mogens Henrik"]
[Black "Lien, Kjell Hakon"]
[Result "1/2-1/2"]
[WhiteElo "2196"]
[BlackElo "2022"]
[PlyCount "79"]
[EventDate "2014.07.21"]
[EventType "swiss"]
[EventRounds "10"]
[EventCountry "DEN"]
[Source "ChessBase"]
[SourceDate "2014.08.29"]

1. e4 c5 2. Nf3 e6 3. b4 cxb4 4. d4 d5 5. e5 Nc6 6. Bd3 f5 7. O-O Bd7 8. a3 a5
9. c4 Nge7 10. Bg5 Qb6 11. axb4 Nxb4 12. c5 Qc7 13. Nc3 Nxd3 14. Qxd3 Ng6 15.
Rfb1 Be7 16. Rb6 Bc6 17. Nb5 Qd7 18. Bxe7 Kxe7 19. Nd6 Ra7 20. Qd2 Rha8 21. h4
Kf8 22. Ra3 Ne7 23. Ng5 Kg8 24. h5 Nc8 25. Ndf7 Nxb6 26. cxb6 Ra6 27. Rg3 Rf8
28. Nh6+ Kh8 29. Nxh7 Kxh7 30. Qg5 Raa8 31. Qg6+ Kh8 32. Nxf5 Rxf5 33. h6 Rf7
34. hxg7+ Rxg7 35. Qh6+ Kg8 36. Rh3 Rh7 37. Rg3+ Rg7 38. Rh3 Rh7 39. Rg3+ Rg7
40. Rh3 1/2-1/2

[Event "36. Copenhagen Open (Politiken Cup)"]
[Site "Elsinore"]
[Date "2014.07.26"]
[Round "7"]
[White "Thybo, Jesper Sondergaard"]
[Black "Levushkina, Elena"]
[Result "0-1"]
[WhiteElo "2121"]
[BlackElo "2310"]
[PlyCount "106"]
[EventDate "2014.07.21"]
[EventType "swiss"]
[EventRounds "10"]
[EventCountry "DEN"]
[Source "ChessBase"]
[SourceDate "2014.08.29"]

1. d4 Nf6 2. c4 e6 3. Nf3 d5 4. g3 Bb4+ 5. Bd2 Be7 6. Bg2 c6 7. O-O b6 8. Nc3
O-O 9. b3 Bb7 10. Qc2 Na6 11. e4 c5 12. exd5 exd5 13. cxd5 Nxd5 14. dxc5 Ndb4
15. Qd1 Nxc5 16. a3 Nd5 17. b4 Ne6 18. Re1 Rc8 19. Ne4 Nf6 20. Neg5 Nxg5 21.
Bxg5 h6 22. Be3 Nd5 23. Bd4 Nc3 24. Qd2 Bf6 25. Bxf6 Qxf6 26. Qe3 Nd5 27. Qe5
Ba8 28. Qxf6 Nxf6 29. Re7 a5 30. bxa5 bxa5 31. Ra7 Rc3 32. Nd4 Bxg2 33. Kxg2
Rd8 34. Nf5 Rd2 35. Rxa5 Rcc2 36. Rf1 Ng4 37. Ra8+ Kh7 38. Ra4 Nxf2 39. Kf3 Nh3
40. Ne3 Rc3 41. Kg4 Rxh2 42. Nd5 h5+ 43. Kf5 Rxg3 44. Ra7 Re2 45. Nf6+ gxf6 46.
Rxf7+ Rg7 47. Kxf6 Rxf7+ 48. Kxf7 Rf2+ 49. Rxf2 Nxf2 50. a4 h4 51. Ke6 h3 52.
Kd7 h2 53. a5 h1=Q 0-1

[Event "36. Copenhagen Open (Politiken Cup)"]
[Site "Elsinore"]
[Date "2014.07.26"]
[Round "7"]
[White "Tleptsok, Ruslan"]
[Black "Ly, Moulthun"]
[Result "0-1"]
[WhiteElo "2212"]
[BlackElo "2466"]
[PlyCount "60"]
[EventDate "2014.07.21"]
[EventType "swiss"]
[EventRounds "10"]
[EventCountry "DEN"]
[Source "ChessBase"]
[SourceDate "2014.08.29"]

1. e4 c5 2. Nf3 d6 3. c3 Nf6 4. Bc4 g6 5. e5 dxe5 6. Nxe5 e6 7. Qa4+ Nfd7 8.
O-O Bg7 9. Nxd7 Nxd7 10. b4 O-O 11. bxc5 Nxc5 12. Qc2 e5 13. Ba3 Bf5 14. d3 Rc8
15. Bxc5 Rxc5 16. Qb3 Qc7 17. Nd2 b5 18. Bxb5 Rb8 19. c4 a6 20. a4 axb5 21.
axb5 e4 22. Ra6 exd3 23. Qa3 Bf8 24. Qa2 Re5 25. Ra7 Qc5 26. Qa5 Re2 27. Rc7
Qb6 28. Qxb6 Rxb6 29. Nb3 d2 30. Ra7 Bc2 0-1

[Event "36. Copenhagen Open (Politiken Cup)"]
[Site "Elsinore"]
[Date "2014.07.26"]
[Round "7"]
[White "Tolba, Henri"]
[Black "Hansen, Verner"]
[Result "0-1"]
[WhiteElo "1675"]
[BlackElo "1888"]
[PlyCount "170"]
[EventDate "2014.07.21"]
[EventType "swiss"]
[EventRounds "10"]
[EventCountry "DEN"]
[Source "ChessBase"]
[SourceDate "2014.08.29"]

1. d4 d5 2. Nf3 Nf6 3. c4 e6 4. Bg5 h6 5. Bxf6 Qxf6 6. cxd5 exd5 7. e3 Bb4+ 8.
Nc3 O-O 9. a3 Ba5 10. b4 Qc6 11. Rc1 Bb6 12. Ne5 Qe6 13. Be2 c6 14. Na4 Nd7 15.
Nxd7 Qxd7 16. Nxb6 axb6 17. Rc3 Qe7 18. O-O Re8 19. Bf3 Bf5 20. Qd2 b5 21. g3
Qf6 22. Bg2 h5 23. h4 Qe6 24. Kh2 Re7 25. Bf3 Qh6 26. Qd1 g6 27. Be2 Rae8 28.
Bf3 Kg7 29. a4 bxa4 30. Qxa4 g5 31. Qd1 g4 32. Bg2 Qd6 33. Qb3 Be4 34. Bxe4
Rxe4 35. b5 R4e6 36. bxc6 bxc6 37. Rfc1 Rf6 38. R1c2 Qd7 39. Qb6 Rc8 40. Rc5
Qf5 41. Kg1 Re8 42. Qb3 Qf3 43. Qd3 Ree6 44. Qe2 Qe4 45. Qd1 Qg6 46. Qd2 Rf3
47. Qc1 Rff6 48. R2c3 Qf5 49. Qc2 Kg6 50. Qxf5+ Kxf5 51. Kf1 Kg6 52. Ke2 Kg7
53. Ra5 Rf5 54. Rc2 Ref6 55. Ke1 Re6 56. Rac5 Rff6 57. R2c3 Kf8 58. Ra5 Ke7 59.
Rb3 Re4 60. Ra8 Rfe6 61. Kd2 Kd6 62. Rb7 Rf6 63. Ke2 Re7 64. Rb6 Rc7 65. Rh8
Rf5 66. Rh6+ Kd7 67. Rh8 c5 68. dxc5 Rxc5 69. Rb2 Rc6 70. Rb7+ Rc7 71. Rxc7+
Kxc7 72. Rh6 Kd7 73. Ra6 Re5 74. Kd3 Rf5 75. Ke2 Ke7 76. Rh6 f6 77. Rh7+ Kd6
78. Ra7 Ke5 79. Ra5 Ke4 80. Ra4+ Ke5 81. Rf4 Rxf4 82. gxf4+ Ke4 83. f5 d4 84.
exd4 Kxd4 85. f4 Ke4 0-1

[Event "36. Copenhagen Open (Politiken Cup)"]
[Site "Elsinore"]
[Date "2014.07.26"]
[Round "7"]
[White "Ulberth, Nicolas"]
[Black "Merkesvik, Frode"]
[Result "1/2-1/2"]
[WhiteElo "1809"]
[BlackElo "1633"]
[PlyCount "65"]
[EventDate "2014.07.21"]
[EventType "swiss"]
[EventRounds "10"]
[EventCountry "DEN"]
[Source "ChessBase"]
[SourceDate "2014.08.29"]

1. d4 d5 2. g3 e6 3. Bg2 Nf6 4. Nf3 Be7 5. O-O c5 6. c3 O-O 7. Bg5 Ne4 8. Bxe7
Qxe7 9. Ne5 Nf6 10. Nd2 Nfd7 11. Ndf3 Nc6 12. Nxc6 bxc6 13. Qa4 Bb7 14. Rab1 c4
15. Qc2 c5 16. e3 Rfe8 17. Nd2 Nb6 18. Rfe1 Qc7 19. f4 Rad8 20. Nf3 h6 21. Qe2
cxd4 22. exd4 Nd7 23. Ne5 Nxe5 24. fxe5 a5 25. Rf1 Rf8 26. Qe3 Qe7 27. Bh3 Bc8
28. b4 axb4 29. Rxb4 Qa7 30. Rf2 Bd7 31. Rfb2 Rb8 32. Qd2 Rxb4 33. Rxb4 1/2-1/2